| 000 | 00755cam a2200265 4500 | ||
|---|---|---|---|
| 001 | J1537 | ||
| 008 | 090401t1992 xxu||||| |||| 00| 0 eng d | ||
| 035 | _a(Sirsi) u44083 | ||
| 041 | _aeng | ||
| 050 | _a622.8 | ||
| 110 |
_aBritish Coal Property Division _9318 |
||
| 245 | _aCoal Mining Subsidence Act 1991: supplement on claimant`s surveyor`s fees: scale of costs for professional advisers. | ||
| 260 |
_aNottingham _bBritish Coal _c1992 |
||
| 300 | _a(4)p. ; 21x11cm. | ||
| 350 | _a0 | ||
| 650 | _aCOAL MINING SUBSIDENCE ACT 1991 | ||
| 650 | _aCOAL MINING | ||
| 650 | _aCOMPENSATION | ||
| 650 | _aFEE SCALES | ||
| 650 | _aPROFESSIONAL FEES | ||
| 650 | _aSURVEYORS | ||
| 690 | _aMINING AND MINERALS | ||
| 942 | _n0 | ||
| 948 | _c04/03/1997 | ||
| 999 |
_c91433 _d91433 |
||